[Event "Isle of Man Open"]
[Site "Douglas"]
[Date "27.10.2018"]
[Round "8.60"]
[White "Pranav, Anand"]
[Black "Lubbe, Melanie"]
[Result "1-0"]
[WhiteTitle "FM"]
[BlackTitle "WGM"]
[WhiteElo "2269"]
[BlackElo "2359"]
[WhiteFideId "46626786"]
[BlackFideId "4690745"]
[EventDate "2018.10.20"]

1. e4 c5 2. Nf3 e6 3. d3 Nc6 4. g3 d5 5. Nbd2 Nf6 6. Bg2 Be7 7. O-O O-O 8. Re1
b5 9. e5 Nd7 10. Nf1 b4 11. h4 a5 12. Bf4 a4 13. a3 bxa3 14. bxa3 Ba6 15. Bh3
Re8 16. Ng5 Bxg5 17. hxg5 Rb8 18. Nh2 Rb2 19. Bc1 Rb7 20. Ng4 Kh8 21. Kg2 d4 22.
Kh2 Ne7 23. Bg2 Rb8 24. Rh1 Ng6 25. Kg1 Ndf8 26. Nf6 Nxe5 27. Nxe8 Qxe8 28. Bf4
f6 29. gxf6 gxf6 30. Bxe5 fxe5 31. Qe2 Ng6 32. Be4 Kg8 33. Bxg6 Qxg6 34. Qxe5
Rf8 35. Re1 Bb7 36. Rh5 Kf7 37. Qc7+ Kg8 38. Qe5 Kf7 39. Rg5 Qh6 40. Rg7+ 1-0

[Event "Isle of Man Open"]
[Site "Douglas"]
[Date "27.10.2018"]
[Round "8.61"]
[White "Ragnarsson, Dagur"]
[Black "Mortazavi, Ali"]
[Result "1-0"]
[WhiteTitle "FM"]
[BlackTitle "IM"]
[WhiteElo "2251"]
[BlackElo "2353"]
[WhiteFideId "2304058"]
[BlackFideId "401323"]
[EventDate "2018.10.20"]

1. d4 Nf6 2. c4 g6 3. Nf3 Bg7 4. g3 O-O 5. Bg2 d6 6. O-O c6 7. Nc3 Qb6 8. h3 Qa6
9. Nd2 Nh5 10. e3 Nd7 11. b3 f5 12. a4 e5 13. dxe5 dxe5 14. Ba3 Rd8 15. e4 Ndf6
16. exf5 gxf5 17. Bf3 Nxg3 18. fxg3 e4 19. Bg2 Rd3 20. Qc2 Qb6+ 21. c5 Qc7 22.
Ne2 Nh5 23. Rad1 Be6 24. g4 Ng3 25. Nxg3 Qxg3 26. Bb2 Bxb2 27. Qxb2 e3 28. Nf3
Rxd1 29. Rxd1 fxg4 30. hxg4 Rf8 31. Qe5 Qxe5 32. Nxe5 Bxb3 33. Re1 Bxa4 34. Rxe3
Re8 35. Kf2 b6 36. cxb6 axb6 37. Nxc6 Rxe3 38. Kxe3 Kg7 39. Kf4 h6 40. Nd4 Bd7
41. Bf1 Ba4 42. Bd3 Bd7 43. Kg3 Kf6 44. Kh4 Kg7 45. Bb5 Bc8 46. Kh5 Kf6 47. Bd3
Ke5 48. Nf5 b5 49. Nxh6 b4 50. g5 Be6 51. g6 Kf6 52. Ng4+ Kg7 53. Kg5 Bg8 54.
Ne3 Be6 55. Nf5+ Kg8 56. Kf6 Ba2 57. Ne7+ Kf8 58. Bb5 1-0

[Event "Isle of Man Open"]
[Site "Douglas"]
[Date "27.10.2018"]
[Round "8.62"]
[White "Arakhamia-Grant, Ketevan"]
[Black "Piasetski, Leon"]
[Result "1-0"]
[WhiteTitle "GM"]
[BlackTitle "IM"]
[WhiteElo "2345"]
[BlackElo "2252"]
[WhiteFideId "13600168"]
[BlackFideId "2600072"]
[EventDate "2018.10.20"]

1. e4 g6 2. d4 Bg7 3. Nc3 c6 4. Nf3 d5 5. h3 Nh6 6. Bd3 dxe4 7. Nxe4 Nf5 8. c3
O-O 9. Bf4 Be6 10. h4 Nd7 11. h5 Bd5 12. Qe2 Nd6 13. hxg6 fxg6 14. Bh6 Bxh6 15.
Rxh6 Bxe4 16. Bxe4 Nf7 17. Rh4 e5 18. O-O-O Qf6 19. Rdh1 exd4 20. Rxh7 Rae8 21.
Qc2 Qf4+ 22. Nd2 Qxf2 23. cxd4 Nf6 24. Bf3 Re1+ 25. Bd1 Qf5 26. Qxf5 gxf5 27.
Rxe1 Kxh7 28. Re7 Kg6 29. Rxb7 Rd8 30. Nf3 Rd7 31. Rxd7 Nxd7 32. Ba4 Nb8 33. Kd2
Kf6 34. Kd3 Nd8 35. Kc4 Ke6 36. b4 Nd7 37. Bxc6 1-0

[Event "Isle of Man Open"]
[Site "Douglas"]
[Date "27.10.2018"]
[Round "8.63"]
[White "Allen, Keith"]
[Black "Wu, Li"]
[Result "1/2-1/2"]
[WhiteElo "2216"]
[BlackElo "2335"]
[WhiteFideId "2501147"]
[BlackFideId "411086"]
[EventDate "2018.10.20"]

1. d4 g6 2. c4 Bg7 3. Nf3 d6 4. g3 c5 5. d5 e6 6. dxe6 Bxe6 7. Nc3 Ne7 8. Ng5
O-O 9. Nxe6 fxe6 10. Bg2 Nbc6 11. Bd2 a6 12. O-O Rb8 13. a4 Nf5 14. e3 Nb4 15.
Rb1 Kh8 16. Ne4 Qc7 17. Bxb4 cxb4 18. g4 Nh4 19. Qxd6 Qxc4 20. Rfc1 Qe2 21. Qd1
Qxd1+ 22. Rxd1 Nxg2 23. Kxg2 Rfd8 24. b3 Kg8 25. Kf3 Kf7 26. Rbc1 Be5 27. Ng5+
Ke7 28. Ke4 Bc3 29. f4 h6 30. Nf3 a5 31. Ne5 Bxe5 32. Rxd8 Rxd8 33. fxe5 Rd2 34.
Rc7+ Kf8 35. Rxb7 Rxh2 1/2-1/2

[Event "Isle of Man Open"]
[Site "Douglas"]
[Date "27.10.2018"]
[Round "8.64"]
[White "Gavilan Diaz, Mario"]
[Black "Grant, Jonathan I M"]
[Result "1-0"]
[WhiteTitle "FM"]
[WhiteElo "2334"]
[BlackElo "2203"]
[WhiteFideId "2260905"]
[BlackFideId "2400294"]
[EventDate "2018.10.20"]

1. d4 Nf6 2. c4 e6 3. Nf3 Bb4+ 4. Nbd2 d6 5. a3 Bxd2+ 6. Qxd2 Nbd7 7. e3 a5 8.
b3 O-O 9. Be2 e5 10. Qc2 Re8 11. O-O Nf8 12. Rd1 Qe7 13. Bb2 Ng6 14. Rac1 e4 15.
Nd2 Bg4 16. Nf1 Nh4 17. d5 Qd7 18. Bxf6 gxf6 19. Ng3 Kh8 20. Bxg4 Qxg4 21. Qe2
Qxe2 22. Nxe2 b6 23. Ng3 Re5 24. Rd4 f5 25. f3 Rae8 26. Rf1 Kg7 27. fxe4 fxe4
28. Rf4 Ng6 29. Rfxe4 a4 30. b4 h5 31. Nxh5+ Kh6 32. Nf6 Rxe4 33. Nxe4 Ne5 34.
Nc3 Ra8 35. Kf2 Kg6 36. g4 Kg5 37. Kg3 f6 38. h4+ Kg6 39. h5+ Kg7 40. Kf4 Kf7
41. Kg3 Rg8 42. Rf4 Ke7 43. Ne4 f5 44. Nf2 fxg4 45. Nxg4 Nf7 46. Kh4 Rh8 47.
Re4+ Kd8 48. Re6 Kd7 49. h6 c5 50. b5 Nd8 51. Rg6 Nf7 52. Kh5 Ke7 53. Rg7 Ke8
54. Kg6 Rf8 55. Nf6+ Ke7 56. h7 1-0

[Event "Isle of Man Open"]
[Site "Douglas"]
[Date "27.10.2018"]
[Round "8.65"]
[White "Dubinski, Mateusz"]
[Black "Stanetzek, Carsten"]
[Result "1-0"]
[WhiteTitle "FM"]
[WhiteElo "2327"]
[BlackElo "2192"]
[WhiteFideId "1125923"]
[BlackFideId "4616634"]
[EventDate "2018.10.20"]

1. d4 d5 2. c4 c6 3. Nf3 Nf6 4. e3 e6 5. b3 Nbd7 6. Bb2 Ne4 7. Bd3 f5 8. O-O Bd6
9. Nc3 O-O 10. Ne2 b6 11. Ne5 Qc7 12. f4 Bb7 13. cxd5 exd5 14. Rc1 Rac8 15. g4
fxg4 16. Bxe4 dxe4 17. b4 Bxe5 18. dxe5 Ba6 19. Rf2 Bd3 20. Ng3 a5 21. Qxg4 axb4
22. Nh5 Nc5 23. e6 g6 24. f5 Nxe6 25. fxg6 Rxf2 26. Qxe6+ 1-0

[Event "Isle of Man Open"]
[Site "Douglas"]
[Date "27.10.2018"]
[Round "8.66"]
[White "Bopp, Thomas"]
[Black "Sahl, Bjarke"]
[Result "1-0"]
[BlackTitle "IM"]
[WhiteElo "2160"]
[BlackElo "2322"]
[WhiteFideId "4656113"]
[BlackFideId "1400231"]
[EventDate "2018.10.20"]

1. d4 Nf6 2. Nf3 e6 3. c4 b6 4. a3 c5 5. dxc5 bxc5 6. Nc3 Be7 7. Bf4 d6 8. Qd2
O-O 9. Rd1 Qb6 10. e3 Nc6 11. Be2 Ba6 12. O-O Rfd8 13. Qc2 Na5 14. b4 Nxc4 15.
b5 Nxa3 16. Qa4 Nxb5 17. Bxb5 Bxb5 18. Qxb5 Qxb5 19. Nxb5 Nd5 20. Bxd6 Bxd6 21.
Nxd6 Rxd6 22. e4 f6 23. exd5 exd5 24. Rc1 Rc8 25. Nd4 a5 26. Nb3 c4 27. Nxa5 Rb6
28. Rb1 Rxb1 29. Rxb1 c3 30. Kf1 Rc5 31. Rb8+ Kf7 32. Nb3 Rc4 33. Ke2 Ra4 34.
Rb7+ Kg6 35. Rc7 d4 36. Nc1 Ra1 37. Nd3 Ra2+ 38. Kf3 f5 39. Rc4 Ra3 40. Kf4 Kf6
41. Rc6+ Ke7 42. Kxf5 1-0

[Event "Isle of Man Open"]
[Site "Douglas"]
[Date "27.10.2018"]
[Round "8.67"]
[White "Kolbus, Dietmar"]
[Black "Leutwyler, Martin"]
[Result "1/2-1/2"]
[WhiteTitle "IM"]
[WhiteElo "2313"]
[BlackElo "2142"]
[WhiteFideId "4610628"]
[BlackFideId "1301969"]
[EventDate "2018.10.20"]

1. c4 c6 2. Nf3 d5 3. b3 Bg4 4. Bb2 Nd7 5. e3 Ngf6 6. Be2 e6 7. O-O Bd6 8. d4
O-O 9. Nbd2 Ne4 10. h3 Bh5 11. Nxe4 dxe4 12. Nd2 Bxe2 13. Qxe2 f5 14. f3 Qh4 15.
fxe4 fxe4 16. Qg4 Qxg4 17. hxg4 Nf6 18. g5 Ng4 19. Nxe4 Bh2+ 20. Kh1 Bc7 21. Rf3
Rxf3 22. gxf3 Nxe3 23. Re1 Bf4 24. Re2 Nf5 25. Kg2 h6 26. Kh3 Rf8 27. Kg4 Be3
28. Nd6 Bxd4 29. Nxf5 exf5+ 30. Kf4 Bxb2 31. Rxb2 Rd8 32. Kxf5 1/2-1/2

[Event "Isle of Man Open"]
[Site "Douglas"]
[Date "27.10.2018"]
[Round "8.68"]
[White "Byron, Alan M"]
[Black "L'Ami, Alina"]
[Result "1/2-1/2"]
[BlackTitle "IM"]
[WhiteElo "2136"]
[BlackElo "2296"]
[WhiteFideId "401773"]
[BlackFideId "1210246"]
[EventDate "2018.10.20"]

1. c4 b6 2. Nc3 Bb7 3. d3 g6 4. e4 Bg7 5. h4 Nf6 6. Be2 h5 7. Bg5 d6 8. Qd2 c5
9. Nf3 Nbd7 10. Nh2 a6 11. a4 Bc6 12. Ra2 Rb8 13. O-O Ne5 14. g3 Bd7 15. Re1 Bg4
16. Bxf6 Bxf6 17. f4 Nc6 18. Nxg4 hxg4 19. Bxg4 e6 20. Raa1 Nd4 21. Qg2 Qc7 22.
Rad1 Nc6 23. Bf3 Bd4+ 24. Kf1 Ne7 25. Re2 Qd7 26. Ra1 Kf8 27. Rc2 Nc6 28. Rd2
Kg7 29. Ne2 Be3 30. Rdd1 Nb4 31. Nc3 1/2-1/2

[Event "Isle of Man Open"]
[Site "Douglas"]
[Date "27.10.2018"]
[Round "8.69"]
[White "Moksh, Amit Doshi"]
[Black "Enkhtuul, Altan-Ulzii"]
[Result "1-0"]
[BlackTitle "WGM"]
[WhiteElo "2224"]
[BlackElo "2295"]
[WhiteFideId "25064967"]
[BlackFideId "4901444"]
[EventDate "2018.10.20"]

1. e4 Nf6 2. e5 Nd5 3. d4 d6 4. Nf3 Bg4 5. Be2 e6 6. h3 Bh5 7. c4 Nb6 8. exd6
cxd6 9. Nc3 Be7 10. d5 e5 11. g4 Bg6 12. h4 h6 13. h5 Bh7 14. Rg1 Na6 15. g5
hxg5 16. Nxg5 Bf5 17. Nge4 Kf8 18. Be3 Rc8 19. b3 Nc5 20. Bxc5 dxc5 21. d6 Bh4
22. Bg4 Qd7 23. Qf3 Be6 24. Bxe6 Qxe6 25. Rg6 Qd7 26. O-O-O Rh7 27. Rh1 Kg8 28.
Rg2 Bd8 29. h6 g6 30. Nf6+ Bxf6 31. Qxf6 Qe8 32. Rg5 Qf8 33. Qxe5 Rxh6 34. Rxh6
Qxh6 35. Ne4 Nd7 36. Qe7 Rf8 37. Kb2 Qg7+ 38. Ka3 Qd4 39. Rd5 Qa1 40. Qxd7 Qc1+
41. Ka4 Qc2 42. Nxc5 b6 43. Nd3 Qxa2+ 44. Kb4 Qa1 45. Qa4 a5+ 46. Kb5 Qf6 47. d7
Rd8 48. Qa3 Qc3 49. Qb2 1-0

[Event "Isle of Man Open"]
[Site "Douglas"]
[Date "27.10.2018"]
[Round "8.70"]
[White "Agrest, Inna"]
[Black "Dahl, Baard"]
[Result "1-0"]
[WhiteTitle "WIM"]
[WhiteElo "2283"]
[BlackElo "2113"]
[WhiteFideId "1708830"]
[BlackFideId "444251"]
[EventDate "2018.10.20"]

1. e4 e5 2. Nf3 Nc6 3. Bb5 Nf6 4. d3 Bc5 5. c3 O-O 6. O-O d6 7. Nbd2 a5 8. a4
Ba7 9. Bxc6 bxc6 10. Nc4 Bb6 11. Bg5 h6 12. Bh4 Bg4 13. h3 Bxf3 14. Qxf3 g5 15.
Bg3 Ne8 16. Rad1 Qf6 17. Qe2 Bc5 18. Rfe1 Ng7 19. d4 exd4 20. e5 Qg6 21. cxd4
Bb4 22. Rf1 Nf5 23. Qd3 Nxg3 24. Qxg3 f5 25. f4 Kh7 26. Rf2 Rg8 27. fxg5 hxg5
28. Qf3 d5 29. Ne3 Raf8 30. Nxf5 c5 31. Qxd5 c6 32. Qe4 cxd4 33. g4 Re8 34. Qxd4
Qe6 35. Qa7+ Kh8 36. Rd7 Qg6 37. Qd4 Qe6 38. Qa7 Qg6 39. Qd4 Qe6 40. Ng3 Bc5 41.
Qxc5 Qxd7 42. Ne4 Rd8 43. Nf6 Qd3 44. Kg2 Rg7 45. Qxc6 Qd4 46. Nh5 Qxe5 47. Qh6+
Kg8 48. Nf6+ 1-0

[Event "Isle of Man Open"]
[Site "Douglas"]
[Date "27.10.2018"]
[Round "8.71"]
[White "Unuk, Laura"]
[Black "Bianco, Valerio"]
[Result "1-0"]
[WhiteTitle "WIM"]
[WhiteElo "2272"]
[BlackElo "2008"]
[WhiteFideId "14609215"]
[BlackFideId "800600"]
[EventDate "2018.10.20"]

1. Nf3 d5 2. g3 c6 3. Bg2 Bf5 4. O-O Nd7 5. d3 e5 6. Nbd2 Ngf6 7. Nh4 Bg4 8. h3
Be6 9. e4 g6 10. Nhf3 h6 11. Qe2 Bg7 12. exd5 Nxd5 13. Nc4 Qc7 14. Re1 O-O 15.
Ncxe5 Nxe5 16. Nxe5 Rae8 17. Nc4 Qd7 18. Qf1 Nb4 19. Re2 Bxc4 20. dxc4 Rxe2 21.
Qxe2 Re8 22. Be3 Bxb2 23. Rb1 Bc3 24. Rb3 Nxa2 25. Qd3 Rd8 26. Qxd7 Rxd7 27. Ra3
Rd1+ 28. Kh2 Ra1 29. Rxa7 Nb4 30. Rxb7 Nxc2 31. Bxh6 Nd4 32. Be3 Ra2 33. Rd7 Nf5
34. Bb6 Be1 35. g4 Ng7 36. Bxc6 Bxf2 37. Bxf2 Rxf2+ 38. Kg3 Rf6 39. Bd5 Ne6 40.
Rd6 g5 41. c5 Kg7 42. Bxe6 fxe6 43. Rd1 Rf8 44. c6 Rc8 45. Rc1 Kf6 46. Kf3 Ke5
47. c7 Kd5 48. Rd1+ Kc6 49. Ke4 Rxc7 50. Rc1+ Kd6 51. Rxc7 Kxc7 52. Ke5 Kd7 53.
Kf6 Kd6 54. Kxg5 e5 55. Kf5 1-0

[Event "Isle of Man Open"]
[Site "Douglas"]
[Date "27.10.2018"]
[Round "8.72"]
[White "Laustsen, Lars"]
[Black "Stefansson, Vignir Vatnar"]
[Result "0-1"]
[BlackTitle "FM"]
[WhiteElo "2236"]
[BlackElo "2291"]
[WhiteFideId "1407554"]
[BlackFideId "2308649"]
[EventDate "2018.10.20"]

1. d4 f5 2. g3 Nf6 3. Bg2 g6 4. Nf3 Bg7 5. O-O O-O 6. c4 d6 7. Nc3 c6 8. b3 Na6
9. Bb2 Bd7 10. Rb1 Re8 11. d5 e5 12. dxc6 Bxc6 13. Nd5 Bxd5 14. cxd5 e4 15. Ng5
Nc7 16. f3 Ncxd5 17. fxe4 Ne3 18. Qd3 Nxf1 19. Rxf1 h6 20. Bxf6 Qxf6 21. Qd5+
Kh8 22. Nf7+ Kh7 23. exf5 g5 24. Bf3 Re7 25. Bh5 Qd4+ 26. Qxd4 Bxd4+ 27. Kg2 Bf6
28. Nxd6 Rd8 29. Nc4 b5 30. Na3 Rd5 31. Nb1 b4 32. a3 a5 33. axb4 axb4 34. Rc1
Rxf5 35. Rc4 Rb5 36. Nd2 Re3 37. Ne4 Bg7 38. Nc5 Rc3 0-1

[Event "Isle of Man Open"]
[Site "Douglas"]
[Date "27.10.2018"]
[Round "8.73"]
[White "Wall, Tim P"]
[Black "House, Glenn L"]
[Result "1/2-1/2"]
[WhiteTitle "FM"]
[BlackTitle "FM"]
[WhiteElo "2253"]
[BlackElo "2180"]
[WhiteFideId "401641"]
[BlackFideId "406228"]
[EventDate "2018.10.20"]

1. d4 Nf6 2. Nc3 d5 3. Bf4 c6 4. e3 Nbd7 5. Be2 e6 6. a3 Be7 7. h3 O-O 8. Nf3 a5
9. O-O b5 10. Ne5 Bb7 11. Bf3 b4 12. Na4 Nxe5 13. dxe5 Nd7 14. e4 Ba6 15. Re1
Bb5 16. c3 bxa3 17. bxa3 Nc5 18. Nxc5 Bxc5 19. Qc2 a4 20. Be3 Bxe3 21. Rxe3 Bc4
22. Qd2 Rb8 23. exd5 cxd5 24. Bd1 Bb3 25. Be2 Qg5 26. Qd4 Rbc8 27. Bb5 Qe7 28.
Rg3 Bc2 29. Qg4 f6 30. exf6 Qxf6 31. Bd7 Bf5 32. Qb4 Rc7 33. Bxa4 Rc4 34. Qb3
Be4 35. Bb5 Qxf2+ 36. Kh2 Rcc8 37. Bd7 Rb8 38. Bxe6+ Kh8 39. Qa4 Qf6 40. Bg4 Rb2
41. Rg1 Qe5 42. Qd4 Qxd4 43. cxd4 Rff2 44. Kh1 g6 45. Bf3 Bxf3 46. Rxf3 Rxf3 47.
gxf3 Ra2 48. Rg5 Rxa3 49. Rxd5 Rxf3 50. Kg2 Rf7 51. Kg3 1/2-1/2

[Event "Isle of Man Open"]
[Site "Douglas"]
[Date "27.10.2018"]
[Round "8.74"]
[White "Paramzina, Anastasya"]
[Black "Demeter, Dorina"]
[Result "0-1"]
[WhiteTitle "WGM"]
[BlackTitle "WFM"]
[WhiteElo "2243"]
[BlackElo "2064"]
[WhiteFideId "4165012"]
[BlackFideId "778079"]
[EventDate "2018.10.20"]

1. e4 c5 2. Nf3 d6 3. d4 cxd4 4. Nxd4 Nf6 5. f3 Nc6 6. c4 e5 7. Nc2 Be7 8. Nc3
O-O 9. Be2 Be6 10. Be3 Rc8 11. Nd5 Ne8 12. O-O f5 13. exf5 Bxf5 14. Qd2 Nf6 15.
Rac1 Nxd5 16. cxd5 Nb8 17. Bxa7 Bg5 18. Ne3 Nd7 19. Rxc8 Qxc8 20. Nxf5 Bxd2 21.
Ne7+ Kf7 22. Nxc8 Rxc8 23. Bb5 Nf6 24. a4 Ke7 25. Bd3 Nxd5 26. Rd1 Rc1 27. Rxc1
Bxc1 28. Be4 Ke6 29. b3 g6 30. Kf2 Bb2 31. g3 Bc3 32. Ke2 Ba5 33. Kf2 b6 34. h3
Nb4 35. Bb7 Kd7 36. Bb8 Nc6 37. Bxc6+ Kxc6 38. Ke3 Bb4 39. Kd3 Kb7 40. Kc4 Ba3
41. Bxd6 Bxd6 42. Kd5 Kc7 43. Ke6 Kc6 44. Kf7 Kd5 45. Kg7 Kd4 46. Kxh7 Ke3 47.
f4 e4 48. Kxg6 Kd3 0-1

[Event "Isle of Man Open"]
[Site "Douglas"]
[Date "27.10.2018"]
[Round "8.75"]
[White "Mai, Aron Thor"]
[Black "Bellon Lopez, Juan Manuel"]
[Result "0-1"]
[BlackTitle "GM"]
[WhiteElo "2063"]
[BlackElo "2342"]
[WhiteFideId "2313383"]
[BlackFideId "2200031"]
[EventDate "2018.10.20"]

1. e4 c5 2. Nf3 Nc6 3. d4 cxd4 4. Nxd4 Qc7 5. Nc3 e6 6. Be3 Nf6 7. Qf3 a6 8.
O-O-O Bb4 9. Nxc6 bxc6 10. Bd4 Bd6 11. Na4 Be5 12. Nb6 Rb8 13. Bxe5 Qxe5 14. Nc4
Qg5+ 15. Kb1 O-O 16. Be2 Qc5 17. Nd2 d5 18. e5 Nd7 19. Qg3 Qb6 20. b3 a5 21. Bd3
c5 22. Nf3 h6 23. c3 a4 24. Bc2 Qa5 25. Ne1 axb3 26. axb3 Qa3 27. Qd3 g6 28. c4
d4 29. Qg3 Ra8 30. Bxg6 Qa1+ 31. Kc2 Ra2+ 32. Kd3 Qxd1+ 33. Ke4 Qe2+ 34. Kf4
Qxe5+ 0-1

[Event "Isle of Man Open"]
[Site "Douglas"]
[Date "27.10.2018"]
[Round "8.76"]
[White "Dushyant, Sharma"]
[Black "Harari, Zaki"]
[Result "1-0"]
[WhiteTitle "FM"]
[WhiteElo "2289"]
[BlackElo "2055"]
[WhiteFideId "25065130"]
[BlackFideId "2002639"]
[EventDate "2018.10.20"]

1. e4 e5 2. Nf3 Nc6 3. Nc3 Nf6 4. Bb5 d6 5. d4 exd4 6. Nxd4 Bd7 7. f4 Be7 8. Nf3
O-O 9. O-O Re8 10. Bd3 Bf8 11. a3 a6 12. Bd2 b5 13. b4 g6 14. Qe2 Bg7 15. Rae1
Bg4 16. Qf2 Qd7 17. h3 Bxf3 18. Qxf3 Rad8 19. Kh1 h6 20. Qf2 Nh7 21. Nd5 Ne7 22.
f5 gxf5 23. Nf4 Nf6 24. Bc3 Nxe4 25. Bxe4 Bxc3 26. Qg3+ Bg7 27. Bd3 d5 28. Re2
Qd6 29. Rfe1 Kf8 30. Re6 Qd7 31. R1e2 c6 32. Nh5 Ng6 33. Bxf5 Rxe6 34. Bxe6 Qd6
35. Qf2 Qc7 36. Qf5 Re8 37. Rf2 Ne5 38. Bxf7 Qxf7 39. Qh7 Nf3 40. Rxf3 Re1+ 41.
Kh2 Be5+ 42. Ng3 Qxf3 43. Qxh6+ Kf7 44. Qh7+ Kf6 45. Qh4+ 1-0

[Event "Isle of Man Open"]
[Site "Douglas"]
[Date "27.10.2018"]
[Round "8.77"]
[White "Burrows, Martin P"]
[Black "Schroer, Marcel"]
[Result "1-0"]
[WhiteElo "2121"]
[BlackElo "2064"]
[WhiteFideId "409057"]
[BlackFideId "1012908"]
[EventDate "2018.10.20"]

1. e4 d6 2. d4 Nf6 3. Nc3 g6 4. Be3 c6 5. Qd2 Nbd7 6. f3 b5 7. g4 Bg7 8. h4 h5
9. g5 Nh7 10. f4 Nb6 11. Bd3 O-O 12. Nge2 Nc4 13. Bxc4 bxc4 14. f5 Re8 15. O-O
Rb8 16. Rab1 Nf8 17. Ng3 Rb7 18. Qe2 Qa5 19. fxg6 Nxg6 20. Nf5 Bxf5 21. Rxf5 d5
22. exd5 Nxh4 23. Rxf7 Kxf7 24. Qxh5+ Kg8 25. Qxe8+ Kh7 26. Qh5+ Kg8 27. Qxh4
cxd5 28. Rf1 Qa6 29. Qh5 Qe6 30. Qe8+ Kh7 31. Qh5+ Kg8 32. Rf3 Rb8 33. g6 1-0

[Event "Isle of Man Open"]
[Site "Douglas"]
[Date "27.10.2018"]
[Round "8.78"]
[White "Vidic, Teja"]
[Black "Chennaoui, Yasin"]
[Result "1/2-1/2"]
[WhiteTitle "WFM"]
[WhiteElo "2116"]
[BlackElo "2050"]
[WhiteFideId "14605511"]
[BlackFideId "1330667"]
[EventDate "2018.10.20"]

1. e4 d6 2. d4 Nf6 3. Nc3 e5 4. Nf3 Nbd7 5. Bc4 Be7 6. a4 O-O 7. O-O a5 8. h3 c6
9. Re1 Qc7 10. Ba2 Re8 11. Ng5 Rf8 12. Be3 h6 13. Nf3 Re8 14. Nh4 Nf8 15. Qf3
Be6 16. Nf5 Bxa2 17. Rxa2 Ng6 18. h4 h5 19. dxe5 dxe5 20. Nxe7+ Qxe7 21. Bg5 Qe6
22. Bxf6 Qxf6 23. Qxf6 gxf6 24. g3 Rad8 25. Raa1 Rd2 26. Rac1 Nf8 27. Red1 Red8
28. Kf1 Ne6 29. Ke1 Rxd1+ 30. Rxd1 Nd4 31. Kf1 Kf8 32. Ne2 Ke7 33. Nxd4 exd4 34.
Ke2 c5 35. Kd3 Ke6 36. b3 b6 37. Rd2 Rd6 38. Rd1 Ke5 39. Re1 Re6 40. Kc4 Kd6 41.
Kd3 f5 42. Re2 fxe4+ 43. Rxe4 f5 44. Rxe6+ Kxe6 45. Kc4 Kd6 46. Kb5 Kc7 47. f3
Kb7 48. Kc4 Kc6 49. Kd3 Kd5 50. c4+ Ke5 51. f4+ Ke6 52. Kc2 Kd6 53. Kd3 b5 54.
axb5 Kc7 55. Kc2 Kb7 56. Kd3 Ka7 57. Kc2 Kb6 58. Kd3 a4 59. bxa4 Ka5 1/2-1/2

[Event "Isle of Man Open"]
[Site "Douglas"]
[Date "27.10.2018"]
[Round "8.79"]
[White "Sipos, Silvester"]
[Black "Shaw, Peter"]
[Result "0-1"]
[WhiteElo "2050"]
[BlackElo "2096"]
[WhiteFideId "444260"]
[BlackFideId "411361"]
[EventDate "2018.10.20"]

1. e4 c5 2. Nf3 e6 3. d4 cxd4 4. Nxd4 Nc6 5. Be3 Qc7 6. Be2 Nf6 7. f3 a6 8. a3
d5 9. Nc3 dxe4 10. fxe4 Nxd4 11. Qxd4 Be7 12. O-O-O O-O 13. Kb1 Nd7 14. Qd2 b5
15. Bf3 Ne5 16. Qd4 Rb8 17. Na2 Nc4 18. Bc1 Bf6 19. Qf2 a5 20. Be2 Nxa3+ 21.
bxa3 Qe5 22. c3 b4 23. axb4 axb4 24. Bf4 bxc3+ 25. Kc1 Qa5 26. Bxb8 Qxa2 0-1

[Event "Isle of Man Open"]
[Site "Douglas"]
[Date "27.10.2018"]
[Round "8.80"]
[White "Bellaiche, Anthony"]
[Black "L'Ami, Erwin"]
[Result "1/2-1/2"]
[WhiteTitle "IM"]
[BlackTitle "GM"]
[WhiteElo "2453"]
[BlackElo "2639"]
[WhiteFideId "615668"]
[BlackFideId "1007998"]
[EventDate "2018.10.20"]

1. Nf3 Nf6 2. c4 e6 3. Nc3 d5 4. d4 Bb4 5. cxd5 exd5 6. Bg5 Nbd7 7. Rc1 c6 8. e3
Qa5 9. Bd3 Ne4 10. O-O Nxg5 11. Nxg5 Nf6 12. Qc2 h6 13. Nf3 O-O 14. h3 Be6 15.
Ne5 Rae8 16. Na4 Bd6 17. a3 Bc8 18. b4 Qd8 19. f4 Ne4 20. Bxe4 dxe4 21. Nc5 Bb8
22. Qb3 Qd6 23. Nxe4 Qe6 24. Qxe6 Rxe6 25. Nc5 Re7 26. Kf2 Rfe8 27. Rfe1 Kh7 28.
g4 f6 29. Nf3 h5 30. f5 b6 31. Nd3 Ba6 32. Nf4 Bxf4 33. exf4 Re2+ 34. Rxe2 Rxe2+
35. Kg3 Re3 36. a4 Be2 37. Kf2 Rxf3+ 38. Kxe2 Rxh3 39. g5 fxg5 40. fxg5 Rg3 41.
g6+ Kh6 42. Rxc6 h4 43. Rc8 Kg5 44. Rc7 Kxf5 45. Rxg7 h3 46. Rxa7 Kxg6 47. Ra8
Kg7 48. Ra7+ Kg6 1/2-1/2

[Event "Isle of Man Open"]
[Site "Douglas"]
[Date "28.10.2018"]
[Round "9.1"]
[White "Naiditsch, Arkadij"]
[Black "Wojtaszek, Radoslaw"]
[Result "1/2-1/2"]
[WhiteTitle "GM"]
[BlackTitle "GM"]
[WhiteElo "2721"]
[BlackElo "2727"]
[WhiteFideId "4650891"]
[BlackFideId "1118358"]
[EventDate "2018.10.20"]

1. e4 e5 2. Nf3 Nc6 3. Bb5 a6 4. Ba4 Nf6 5. O-O Be7 6. d3 b5 7. Bb3 d6 8. a3 O-O
9. Nc3 Na5 10. Ba2 Be6 11. b4 Bxa2 12. Rxa2 Nc6 13. Bg5 Ng4 14. Bd2 Nf6 15. Re1
Qd7 16. Nd5 Nxd5 17. exd5 Na7 18. a4 c6 19. axb5 axb5 20. Qa1 cxd5 21. Be3 d4
22. Nxd4 exd4 23. Bxd4 Bf6 24. Bxf6 gxf6 25. Qxf6 Rfe8 26. Qg5+ Kf8 27. Qh6+ Kg8
28. Qg5+ Kf8 29. Qh6+ Kg8 30. Qg5+ 1/2-1/2

[Event "Isle of Man Open"]
[Site "Douglas"]
[Date "28.10.2018"]
[Round "9.2"]
[White "Xiong, Jeffery"]
[Black "Jones, Gawain C B"]
[Result "1/2-1/2"]
[WhiteTitle "GM"]
[BlackTitle "GM"]
[WhiteElo "2656"]
[BlackElo "2677"]
[WhiteFideId "2047640"]
[BlackFideId "409561"]
[EventDate "2018.10.20"]

1. d4 Nf6 2. Nf3 g6 3. Nbd2 c5 4. dxc5 Qa5 5. a3 Qxc5 6. b4 Qc7 7. Bb2 Bg7 8. c4
d6 9. g3 b6 10. Bg2 Bb7 11. O-O O-O 12. Qb3 Nbd7 13. Rfd1 Rac8 14. Rac1 Rfd8 15.
Nf1 Qb8 16. Ne3 Qa8 17. g4 h6 18. h4 h5 19. g5 Ng4 20. Bxg7 Kxg7 21. Ne1 Nxe3
22. Qxe3 Ne5 23. c5 bxc5 24. bxc5 Kg8 25. cxd6 exd6 26. Qd4 Rxc1 27. Rxc1 Rc8
28. Rxc8+ Qxc8 29. Qxd6 Nc4 30. Qd4 Bxg2 31. Nxg2 Qe6 32. Qd3 a5 33. a4 Kh7 34.
f3 Qc6 35. Qd4 Qb6 36. e3 Qb1+ 37. Kh2 Qa2 38. Kg3 Qxa4 39. Qd5 1/2-1/2